[Event "CAN-op"]
[Site "Toronto CAN"]
[Date "1995.07.14"]
[Round "8"]
[White "Duong, Thanh Nha"]
[Black "Katz, David"]
[Result "1-0"]
[WhiteElo "2280"]
[BlackElo "2232"]
[PlyCount "113"]
[EventDate "1995.07.08"]
[EventType "swiss"]
[EventRounds "10"]
[EventCountry "CAN"]

1. d4 Nf6 2. c4 c5 3. d5 e6 4. Nc3 exd5 5. cxd5 d6 6. e4 g6 7. Bd3 Bg7 8. Nge2
O-O 9. O-O b6 10. Bg5 Ba6 11. f4 Qc8 12. Bxa6 Qxa6 13. Qe1 h6 14. Bxf6 Bxf6 15.
Qg3 Nd7 16. Qh3 Rad8 17. Qxh6 b5 18. a3 Qb6 19. f5 Ne5 20. fxg6 fxg6 21. Nf4
c4+ 22. Kh1 Rf7 23. Nxg6 Ng4 24. Qf4 Nxh2 25. Ne7+ Rxe7 26. Qxf6 Nxf1 27. Qxe7
Rf8 28. Qg5+ Kh7 29. e5 Qd4 30. Rd1 Qxe5 31. Qxe5 dxe5 32. d6 Ne3 33. Re1 Ng4
34. Kg1 Kg6 35. Nxb5 a6 36. Nc7 Rd8 37. Rd1 Ne3 38. Rd2 c3 39. bxc3 Nc4 40. Rd5
Kf5 41. Nxa6 Ke4 42. Rd1 Rxd6 43. Nc5+ Ke3 44. Rxd6 Nxd6 45. a4 Nc4 46. Kh2 Na5
47. g4 Kf4 48. Kh3 e4 49. Kh4 e3 50. Nd3+ Kf3 51. g5 Ke2 52. Ne5 Kf1 53. g6 Nc6
54. Nd3 Ke2 55. Nf4+ Kf3 56. Kg5 Ne7 57. g7 1-0

[Event "CAN-op"]
[Site "Toronto CAN"]
[Date "1995.07.15"]
[Round "9"]
[White "Hergott, Deen"]
[Black "Duong, Thanh Nha"]
[Result "1-0"]
[WhiteElo "2570"]
[BlackElo "2280"]
[PlyCount "83"]
[EventDate "1995.07.08"]
[EventType "swiss"]
[EventRounds "10"]
[EventCountry "CAN"]

1. Nf3 Nf6 2. c4 c6 3. Nc3 d5 4. d4 dxc4 5. a4 Bg4 6. Ne5 Bh5 7. h3 e6 8. g4
Bg6 9. Bg2 Nbd7 10. Nxc4 Qc7 11. O-O Bb4 12. Qb3 a5 13. Na2 Be7 14. Qg3 Qxg3
15. fxg3 Be4 16. Nc3 Bxg2 17. Kxg2 Bb4 18. g5 Nd5 19. Bd2 N5b6 20. b3 O-O 21.
Ne4 Bxd2 22. Nexd2 e5 23. dxe5 Nxc4 24. Nxc4 Rae8 25. Nxa5 Rxe5 26. Nxb7 Rb8
27. Nd6 Rxb3 28. Rxf7 Rxe2+ 29. Rf2 Re6 30. Nf5 Rb8 31. a5 c5 32. a6 Ra8 33. a7
Ree8 34. Rb2 g6 35. Nh6+ Kh8 36. Rb7 Ne5 37. Re1 Nc6 38. Nf7+ Kg8 39. Nh6+ Kh8
40. Rxe8+ Rxe8 41. Ng4 Ra8 42. Rc7 1-0

[Event "Gatineau op"]
[Site "Hull CAN"]
[Date "1995.??.??"]
[Round "5"]
[White "Hergott, Deen"]
[Black "Duong, Thanh Nha"]
[Result "1/2-1/2"]
[WhiteElo "2445"]
[BlackElo "2300"]
[PlyCount "81"]
[EventDate "1995.??.??"]
[EventType "swiss"]
[EventRounds "5"]
[EventCountry "CAN"]

1. d4 d5 2. Nf3 Nf6 3. c4 e6 4. g3 c6 5. Qc2 Ne4 6. Bg2 Bd6 7. Nfd2 f5 8. Nxe4
fxe4 9. Nc3 O-O 10. Be3 Na6 11. O-O b6 12. Rad1 Kh8 13. a3 Nc7 14. c5 Be7 15.
Bf4 Ne8 16. b4 Bf6 17. f3 exf3 18. Rxf3 bxc5 19. bxc5 Qe7 20. Kh1 g5 21. Be3
Ng7 22. g4 Bd7 23. Rh3 h5 24. Qg6 h4 25. Rf1 Nf5 26. gxf5 exf5 27. Rxf5 Bxf5
28. Qxf5 Qh7 29. Rf3 Qxf5 30. Rxf5 Rab8 31. h3 Kh7 32. Nxd5 cxd5 33. Bxd5 Rbe8
34. Rf3 Kg7 35. Bc6 Rxe3 36. Rxe3 Bxd4 37. Re7+ Kh6 38. Re6+ Kg7 39. Re7+ Kh6
40. Re6+ Kg7 41. Re7+ 1/2-1/2

[Event "Quebec op"]
[Site "Montreal CAN"]
[Date "1993.08.01"]
[Round "2"]
[White "Ber, Yves"]
[Black "Duong, Thanh Nha"]
[Result "0-1"]
[WhiteElo "2004"]
[BlackElo "2210"]
[PlyCount "60"]
[EventDate "1993.07.31"]
[EventType "swiss"]
[EventRounds "8"]
[EventCountry "CAN"]

1. d4 Nf6 2. c4 c5 3. Nf3 cxd4 4. Nxd4 e5 5. Nf3 e4 6. Nd4 d5 7. g3 Nc6 8. Nxc6
bxc6 9. cxd5 cxd5 10. Bg2 Be7 11. Be3 O-O 12. O-O Be6 13. Nc3 Qb8 14. Bd4 Rd8
15. Qc2 h5 16. f3 h4 17. Bxf6 Bxf6 18. fxe4 Bxc3 19. Qxc3 Qb6+ 20. Kh1 d4 21.
Qa3 hxg3 22. hxg3 Rab8 23. Rab1 Bc4 24. Bf3 d3 25. Rbe1 d2 26. Rb1 Qe6 27. Kg2
Bxa2 28. Ra1 Bb3 29. Qxa7 Rbc8 30. Ra6 Qc4 0-1

[Event "Quebec op"]
[Site "Montreal CAN"]
[Date "1993.08.02"]
[Round "3"]
[White "Duong, Thanh Nha"]
[Black "Barbeau, Sylvain"]
[Result "0-1"]
[WhiteElo "2210"]
[BlackElo "2347"]
[PlyCount "121"]
[EventDate "1993.07.31"]
[EventType "swiss"]
[EventRounds "8"]
[EventCountry "CAN"]

1. Nf3 c5 2. c4 b6 3. g3 Bb7 4. Bg2 Nf6 5. O-O e6 6. Nc3 a6 7. d4 cxd4 8. Qxd4
d6 9. Rd1 Nbd7 10. e4 Qc7 11. b3 Rc8 12. Bb2 Be7 13. Rac1 O-O 14. h3 Rfe8 15.
Ne1 Qb8 16. Nd3 Bf8 17. Ba3 Qa8 18. g4 h6 19. Qe3 Rc7 20. f4 g6 21. Nf2 Nc5 22.
Bxc5 bxc5 23. Qg3 Nd7 24. h4 Nb8 25. h5 Nc6 26. g5 hxg5 27. Qxg5 Qd8 28. Qg3
Nd4 29. Rd3 Kg7 30. Ng4 Be7 31. h6+ Kh7 32. e5 Bxg2 33. Kxg2 f5 34. exf6 Bxf6
35. Nxf6+ Qxf6 36. Ne4 Qf8 37. Ng5+ Kh8 38. Re1 Qf5 39. Rd2 Rf8 40. Rf2 Re7 41.
Re4 a5 42. Re1 a4 43. bxa4 Rb8 44. Ne4 Rd7 45. a5 Rb1 46. Re3 Qh5 47. Qh2 Nf5
48. Qxh5 Nxe3+ 49. Kf3 gxh5 50. Kxe3 Ra7 51. Nxd6 Rd1 52. Nb5 Rxa5 53. f5 exf5
54. Rxf5 h4 55. Rh5 Rh1 56. Nd6 Rxa2 57. Nf5 h3 58. Ng3 Ra3+ 59. Kf4 Rh2 60.
Kg4 Rc2 61. Kxh3 0-1

[Event "Quebec op"]
[Site "Montreal CAN"]
[Date "1993.08.03"]
[Round "4"]
[White "Seguin, Rene"]
[Black "Duong, Thanh Nha"]
[Result "0-1"]
[WhiteElo "2004"]
[BlackElo "2210"]
[PlyCount "70"]
[EventDate "1993.07.31"]
[EventType "swiss"]
[EventRounds "8"]
[EventCountry "CAN"]

1. e4 c6 2. d4 d5 3. Nd2 dxe4 4. Nxe4 Nf6 5. Nxf6+ gxf6 6. Nf3 Bf5 7. Bd3 Bg6
8. O-O Qc7 9. c4 Na6 10. Be3 O-O-O 11. Bxg6 hxg6 12. Qa4 e6 13. g3 g5 14. c5 g4
15. Nd2 Rd5 16. f4 gxf3 17. Nxf3 Rdh5 18. Kg2 Qd7 19. Qc4 Nc7 20. b4 Nd5 21.
Bd2 Bh6 22. Bxh6 R8xh6 23. Rae1 e5 24. dxe5 Qh3+ 25. Kf2 Rf5 26. Ke2 fxe5 27.
Kd2 Rhf6 28. Qe4 Rxf3 29. Rxf3 Qg2+ 30. Re2 Qxf3 31. Qxe5 Nc7 32. Ke1 Qxe2+ 33.
Kxe2 Re6 34. Qxe6+ Nxe6 35. Ke3 f5 0-1

[Event "Quebec op"]
[Site "Montreal CAN"]
[Date "1993.08.04"]
[Round "5"]
[White "Duong, Thanh Nha"]
[Black "Bolduc, Steve"]
[Result "1/2-1/2"]
[WhiteElo "2210"]
[BlackElo "2061"]
[PlyCount "61"]
[EventDate "1993.07.31"]
[EventType "swiss"]
[EventRounds "8"]
[EventCountry "CAN"]

1. d4 d5 2. Nf3 c6 3. c4 Nf6 4. cxd5 cxd5 5. Nc3 Nc6 6. Bf4 Bf5 7. Qb3 Qb6 8.
Qxb6 axb6 9. e3 e6 10. Bb5 Bb4 11. O-O Ke7 12. Rfc1 Nd7 13. Nh4 Bg6 14. Nxg6+
hxg6 15. Rc2 Bd6 16. Bxd6+ Kxd6 17. a3 Rhc8 18. Rac1 Ra5 19. b4 Rxa3 20. Bxc6
bxc6 21. Nb5+ cxb5 22. Rxc8 Rb3 23. h4 Rxb4 24. Rg8 Rb2 25. Rxg7 Ke7 26. Rg8 b4
27. Ra8 b5 28. Ra7 Kd6 29. Rb7 Nf6 30. f3 Nh5 31. Rbc7 1/2-1/2

[Event "Quebec op"]
[Site "Montreal CAN"]
[Date "1993.08.05"]
[Round "6"]
[White "Duong, Thanh Nha"]
[Black "Levtchouk, George"]
[Result "1-0"]
[WhiteElo "2210"]
[BlackElo "2331"]
[PlyCount "111"]
[EventDate "1993.07.31"]
[EventType "swiss"]
[EventRounds "8"]
[EventCountry "CAN"]

1. e4 g6 2. d4 Bg7 3. Nc3 d6 4. Be3 a6 5. Qd2 b5 6. f3 Nd7 7. Nge2 Bb7 8. h4 h5
9. O-O-O Nb6 10. Nf4 c6 11. Bd3 Qc7 12. Qf2 Nd7 13. e5 dxe5 14. Nxg6 exd4 15.
Bxd4 e5 16. Nxh8 exd4 17. Rde1+ Kf8 18. Nxf7 Qf4+ 19. Kb1 Kxf7 20. Ne4 Bf6 21.
g3 Qc7 22. Ng5+ Bxg5 23. hxg5 Qd6 24. Rxh5 Nf8 25. Qh2 Bc8 26. Rh8 Be6 27. g6+
Kg7 28. Rh1 Qe5 29. f4 Qf6 30. f5 Bd5 31. Re1 c5 32. g4 Rd8 33. Rh5 Qd6 34.
Qxd6 Rxd6 35. g5 Rd7 36. f6+ Nxf6 37. gxf6+ Kxf6 38. Rf1+ Kg7 39. Rg5 c4 40.
Bf5 Re7 41. Rgg1 Re5 42. Bc8 a5 43. Bb7 Nxg6 44. Bxd5 Rxd5 45. Rg4 d3 46. cxd3
cxd3 47. Rfg1 d2 48. Kc2 Kf7 49. Rf1+ Kg7 50. Rg2 a4 51. Rxd2 Rc5+ 52. Kb1 Nh4
53. Rdf2 Rg5 54. Rf4 Ng6 55. Rf7+ Kg8 56. R7f5 1-0

[Event "Quebec op"]
[Site "Montreal CAN"]
[Date "1993.08.06"]
[Round "7"]
[White "Barsov, Alexei"]
[Black "Duong, Thanh Nha"]
[Result "1-0"]
[WhiteElo "2436"]
[BlackElo "2210"]
[PlyCount "63"]
[EventDate "1993.07.31"]
[EventType "swiss"]
[EventRounds "8"]
[EventCountry "CAN"]

1. d4 Nf6 2. c4 g6 3. Nc3 Bg7 4. e4 d6 5. Be2 O-O 6. Bg5 h6 7. Be3 e5 8. d5 c5
9. h4 Na6 10. h5 g5 11. Nf3 Ng4 12. Nd2 Nxe3 13. fxe3 g4 14. Bxg4 Qg5 15. Bxc8
Qxe3+ 16. Qe2 Qg3+ 17. Kd1 Raxc8 18. Rh3 Qf4 19. Kc2 f5 20. Rf1 Qg5 21. exf5
Nb4+ 22. Kb3 a5 23. Nde4 Qd8 24. a4 b5 25. Nxb5 Rb8 26. Rg3 Kh8 27. Rg6 Rxb5
28. axb5 a4+ 29. Ka3 Qa5 30. f6 Bxf6 31. Rxh6+ Kg8 32. Qg4+ 1-0

[Event "Quebec op"]
[Site "Montreal CAN"]
[Date "1993.08.07"]
[Round "8"]
[White "Lafortune, Normand"]
[Black "Duong, Thanh Nha"]
[Result "1/2-1/2"]
[WhiteElo "2039"]
[BlackElo "2210"]
[PlyCount "58"]
[EventDate "1993.07.31"]
[EventType "swiss"]
[EventRounds "8"]
[EventCountry "CAN"]

1. e4 c6 2. d4 d5 3. exd5 cxd5 4. c4 Nf6 5. Nc3 e6 6. Nf3 Bb4 7. Qc2 Nc6 8. a3
Be7 9. c5 Qc7 10. Bb5 O-O 11. Bxc6 bxc6 12. O-O Nd7 13. b4 f6 14. b5 e5 15.
bxc6 Qxc6 16. Qa2 Bb7 17. Rb1 Kh8 18. Be3 e4 19. Nd2 f5 20. f4 exf3 21. Nxf3 f4
22. Bf2 Bf6 23. Rfc1 Rae8 24. Nb5 Ba6 25. a4 g5 26. Nxa7 Qa8 27. Nb5 Qc6 28.
Na7 Qa8 29. Nb5 Qc6 1/2-1/2

[Event "Quebec-ch"]
[Site "Montreal CAN"]
[Date "1993.05.31"]
[Round "1"]
[White "O'Donnell, Tom"]
[Black "Duong, Thanh Nha"]
[Result "1-0"]
[WhiteElo "2344"]
[BlackElo "2238"]
[PlyCount "75"]
[EventDate "1993.05.31"]
[EventType "tourn"]
[EventRounds "9"]
[EventCountry "CAN"]
[Source "ChessBase"]
[SourceDate "1997.11.17"]

1. e4 e5 2. Nf3 Nc6 3. Bb5 a6 4. Bxc6 dxc6 5. O-O f6 6. d4 exd4 7. Nxd4 c5 8.
Ne2 Qxd1 9. Rxd1 Bd6 10. Bf4 Bxf4 11. Nxf4 Ne7 12. Nc3 Bd7 13. Rd2 O-O-O 14.
Rad1 Bg4 15. Rxd8+ Rxd8 16. Rxd8+ Kxd8 17. f3 Bd7 18. Nh5 Nc6 19. Nxg7 Nd4 20.
Nd5 Nxc2 21. Nxf6 Nb4 22. Nxh7 Nxa2 23. Nf6 Bc6 24. Nf5 c4 25. h4 Be8 26. h5
Bxh5 27. Nxh5 c3 28. bxc3 Nxc3 29. Nf6 Ne2+ 30. Kf2 Nf4 31. g3 Ne6 32. Ke3 a5
33. Nd4 Nc5 34. e5 a4 35. Ne4 Na6 36. Kd3 a3 37. Nc2 a2 38. Kc4 1-0

[Event "Quebec-ch"]
[Site "Montreal CAN"]
[Date "1993.06.01"]
[Round "2"]
[White "Duong, Thanh Nha"]
[Black "Ross, Dave"]
[Result "1/2-1/2"]
[WhiteElo "2238"]
[BlackElo "2225"]
[PlyCount "136"]
[EventDate "1993.05.31"]
[EventType "tourn"]
[EventRounds "9"]
[EventCountry "CAN"]
[Source "ChessBase"]
[SourceDate "1997.11.17"]

1. d4 e6 2. c4 d5 3. Nf3 c5 4. cxd5 exd5 5. Nc3 Nc6 6. Bg5 Be7 7. Bxe7 Ngxe7 8.
dxc5 Qa5 9. e3 Qxc5 10. Rc1 Qb4 11. Qd2 O-O 12. a3 Qb3 13. Bb5 Bg4 14. Nd4 Nxd4
15. Qxd4 Qxb2 16. O-O Be6 17. Nxd5 Qxb5 18. Nxe7+ Kh8 19. Rc5 Qb6 20. Nd5 Bxd5
21. Qxd5 Rad8 22. Qc4 Qd6 23. a4 h6 24. h3 Rd7 25. Rc1 Kg8 26. Qe4 Re7 27. Qf5
g6 28. Qg4 Rfe8 29. R5c4 h5 30. Qf3 Rd7 31. h4 Red8 32. Rc8 Rxc8 33. Rxc8+ Kg7
34. Qe4 Qe7 35. Qc2 Qe5 36. g3 Kh7 37. Kh2 Qf6 38. Rc5 Kg7 39. Kg2 Kg8 40. Rc8+
Rd8 41. Qc7 Rxc8 42. Qxc8+ Kg7 43. Qxb7 a5 44. Qd5 Qa6 45. Kf3 Qf6+ 46. Kg2 Qa6
47. Qe5+ Kh7 48. e4 Kg8 49. Qd5 Kg7 50. Qd4+ Kg8 51. Kf3 Kh7 52. Kf4 Qc6 53.
Kg5 Qe6 54. f3 Qe7+ 55. Qf6 Qc5+ 56. e5 Qf8 57. Qd6 f6+ 58. Kf4 fxe5+ 59. Kxe5
Qxf3 60. Qc7+ Kg8 61. Qc4+ Kh7 62. Qf4 Qb3 63. Kd6 Qb4+ 64. Kc6 Kg7 65. Kd5
Qxf4 66. gxf4 Kf6 67. Ke4 Ke6 68. Ke3 Kf5 1/2-1/2

[Event "Quebec-ch"]
[Site "Montreal CAN"]
[Date "1993.06.02"]
[Round "3"]
[White "Ghannoum, Marc"]
[Black "Duong, Thanh Nha"]
[Result "0-1"]
[WhiteElo "2237"]
[BlackElo "2238"]
[PlyCount "124"]
[EventDate "1993.05.31"]
[EventType "tourn"]
[EventRounds "9"]
[EventCountry "CAN"]
[Source "ChessBase"]
[SourceDate "1997.11.17"]

1. e4 c6 2. d4 d5 3. Nd2 dxe4 4. Nxe4 Nf6 5. Nxf6+ gxf6 6. Bc4 Bf5 7. Ne2 e6 8.
Ng3 Bg6 9. Be3 Nd7 10. Qe2 h5 11. h4 Bd6 12. O-O-O Qc7 13. Qf3 O-O-O 14. Ne4
Bxe4 15. Qxe4 f5 16. Qf3 Nb6 17. Bd3 Nd5 18. Bg5 Bf4+ 19. Kb1 Bxg5 20. hxg5 Qf4
21. Qxf4 Nxf4 22. g3 Ng6 23. c3 Rh7 24. Rh3 Rdh8 25. Rdh1 h4 26. gxh4 Nf4 27.
Rf3 Rxh4 28. Rxh4 Rxh4 29. Kc2 Nh3 30. Rg3 Nxf2 31. g6 fxg6 32. Rxg6 Nxd3 33.
Kxd3 Re4 34. Rg7 a5 35. Rf7 Kb8 36. c4 Re1 37. Kd2 Rb1 38. Kc2 Rf1 39. Re7 Rf2+
40. Kc3 Re2 41. Rf7 Re3+ 42. Kd2 Re4 43. Kd3 c5 44. d5 Rd4+ 45. Ke3 exd5 46.
Rxf5 Rxc4 47. Rxd5 Rc2 48. b3 Kc7 49. Kd3 Kc6 50. Kxc2 Kxd5 51. Kc3 b5 52. a4
b4+ 53. Kd3 Ke5 54. Ke3 Kf5 55. Kd3 Kf4 56. Kc4 Ke4 57. Kxc5 Kd3 58. Kb5 Kc3
59. Kxa5 Kxb3 60. Kb5 Kc3 61. a5 b3 62. a6 b2 0-1

[Event "Quebec-ch"]
[Site "Montreal CAN"]
[Date "1993.06.03"]
[Round "4"]
[White "Duong, Thanh Nha"]
[Black "Schleifer, Michael"]
[Result "0-1"]
[WhiteElo "2238"]
[BlackElo "2273"]
[PlyCount "80"]
[EventDate "1993.05.31"]
[EventType "tourn"]
[EventRounds "9"]
[EventCountry "CAN"]
[Source "ChessBase"]
[SourceDate "1997.11.17"]

1. Nf3 d5 2. d4 c5 3. e3 Nf6 4. c4 cxd4 5. exd4 g6 6. Nc3 Bg7 7. Bg5 Ne4 8.
cxd5 Nxc3 9. bxc3 Qxd5 10. Be2 Nc6 11. O-O O-O 12. c4 Qd6 13. d5 Nb4 14. a3 Na6
15. Ra2 Nc5 16. Nd2 Bd7 17. Bf3 Rfe8 18. Be3 Rac8 19. Qe2 Qa6 20. Bxc5 Rxc5 21.
Qe3 Rcc8 22. Be2 e6 23. d6 Qxd6 24. Ne4 Qe5 25. Rd2 Bc6 26. Nd6 Qxe3 27. fxe3
Rcd8 28. c5 Bf8 29. Bc4 Bxd6 30. cxd6 Rd7 31. Rd4 Kg7 32. Rdf4 f5 33. Rd1 Kf6
34. a4 Red8 35. Bb5 Rxd6 36. Rc1 Rd1+ 37. Rf1 Rxc1 38. Rxc1 Be4 39. a5 Rd5 40.
Bf1 Rxa5 0-1

[Event "Quebec-ch"]
[Site "Montreal CAN"]
[Date "1993.06.04"]
[Round "5"]
[White "Leveille, Francois"]
[Black "Duong, Thanh Nha"]
[Result "1-0"]
[WhiteElo "2350"]
[BlackElo "2238"]
[PlyCount "57"]
[EventDate "1993.05.31"]
[EventType "tourn"]
[EventRounds "9"]
[EventCountry "CAN"]

1. e4 c5 2. Nf3 d6 3. d4 cxd4 4. Nxd4 Nf6 5. Nc3 a6 6. Bg5 e6 7. f4 Be7 8. Qf3
Qc7 9. O-O-O Nbd7 10. g4 b5 11. Bxf6 Nxf6 12. g5 Nd7 13. f5 Nc5 14. f6 gxf6 15.
gxf6 Bf8 16. Rg1 Bb7 17. Bh3 b4 18. Nd5 Qa5 19. Kb1 O-O-O 20. Ne7+ Kc7 21. Qh5
Bxe7 22. Qxf7 Bxe4 23. fxe7 Rde8 24. Nxe6+ Nxe6 25. Qxe6 d5 26. Qe5+ Kc6 27.
Rge1 Qc5 28. Rxe4 dxe4 29. Bd7+ 1-0

[Event "Quebec-ch"]
[Site "Montreal CAN"]
[Date "1993.06.07"]
[Round "6"]
[White "Duong, Thanh Nha"]
[Black "Berube, Richard"]
[Result "0-1"]
[WhiteElo "2238"]
[BlackElo "2281"]
[PlyCount "112"]
[EventDate "1993.05.31"]
[EventType "tourn"]
[EventRounds "9"]
[EventCountry "CAN"]
[Source "ChessBase"]
[SourceDate "1997.11.17"]

1. d4 Nf6 2. c4 g6 3. Nc3 Bg7 4. e4 d6 5. h3 O-O 6. Nf3 e5 7. d5 c6 8. Bg5 h6
9. Be3 cxd5 10. cxd5 Nh5 11. Nh2 Na6 12. Be2 Nf4 13. Bf3 f5 14. Qd2 Nxg2+ 15.
Bxg2 f4 16. O-O-O fxe3 17. fxe3 Bd7 18. Rdg1 Kh7 19. Bf1 Nc5 20. Qg2 Be8 21.
Bb5 Bf7 22. Be2 Qb6 23. h4 Rg8 24. Nf3 Bf6 25. Ng5+ Bxg5 26. hxg5 h5 27. Qf3
Rg7 28. Qf6 Nxe4 29. Qf3 Nxc3 30. bxc3 Rc8 31. c4 Qb4 32. Bd3 Rxc4+ 33. Bxc4
Qxc4+ 34. Kb2 Qb4+ 35. Ka1 Qc3+ 36. Kb1 Qd3+ 37. Kb2 Qb5+ 38. Ka1 Bxd5 39. e4
Bf7 40. Rd1 Qa4 41. Rd2 b5 42. Rc1 Bc4 43. Qf8 Qa3 44. Rcc2 Bxa2 45. Qxd6 b4
46. Rb2 Bd5+ 47. Kb1 Bxe4+ 48. Rbc2 Qb3+ 49. Kc1 Bxc2 50. Rxc2 Qe3+ 51. Kb1
Qg1+ 52. Rc1 Qxg5 53. Qb8 Qf5+ 54. Kb2 Qf2+ 55. Kb3 Qe3+ 56. Kb2 Rf7 0-1

[Event "Quebec-ch"]
[Site "Montreal CAN"]
[Date "1993.06.08"]
[Round "7"]
[White "Levtchouk, George"]
[Black "Duong, Thanh Nha"]
[Result "1/2-1/2"]
[WhiteElo "2320"]
[BlackElo "2238"]
[PlyCount "99"]
[EventDate "1993.05.31"]
[EventType "tourn"]
[EventRounds "9"]
[EventCountry "CAN"]
[Source "ChessBase"]
[SourceDate "1997.11.17"]

1. d4 Nf6 2. c4 g6 3. Nc3 d5 4. Nf3 Bg7 5. Qb3 dxc4 6. Qxc4 O-O 7. e4 a6 8. e5
b5 9. Qb3 Nfd7 10. h4 Nb6 11. h5 Be6 12. Qc2 Nc6 13. Be3 Nb4 14. Qd2 Bf5 15.
Rc1 c5 16. a3 Nc6 17. hxg6 Bxg6 18. dxc5 Qxd2+ 19. Bxd2 Nd7 20. Nd5 Ndxe5 21.
Nxe5 Bxe5 22. Bc3 Bxc3+ 23. Rxc3 Rad8 24. Nf4 Rd4 25. Nxg6 hxg6 26. Rhh3 e5 27.
Rhd3 Rfd8 28. f3 Kf8 29. Kd2 Ke7 30. b4 Kd7 31. Rxd4+ exd4 32. Rc1 Re8 33. Re1
Rxe1 34. Kxe1 Ne5 35. f4 Nc4 36. a4 Kc7 37. axb5 axb5 38. g3 Ne3 39. Bxb5 Nc2+
40. Kd2 Nxb4 41. Be8 f6 42. Bb5 Kd8 43. Kc1 g5 44. fxg5 fxg5 45. Kb2 Nd5 46.
Kc2 Nc3 47. Bc6 Kc7 48. Bf3 Na4 49. c6 Nc5 50. Kd2 1/2-1/2

[Event "Quebec-ch"]
[Site "Montreal CAN"]
[Date "1993.06.09"]
[Round "8"]
[White "Duong, Thanh Nha"]
[Black "Bergeron, Pascal"]
[Result "0-1"]
[WhiteElo "2238"]
[BlackElo "2043"]
[PlyCount "76"]
[EventDate "1993.05.31"]
[EventType "tourn"]
[EventRounds "9"]
[EventCountry "CAN"]
[Source "ChessBase"]
[SourceDate "1997.11.17"]

1. e4 c5 2. Nf3 e6 3. c3 d5 4. e5 Nc6 5. Be2 Nh6 6. d3 Nf5 7. O-O f6 8. exf6
Qxf6 9. Bg5 Qg6 10. h4 Qf7 11. d4 Bd6 12. Na3 O-O 13. Nb5 Be7 14. dxc5 Bxc5 15.
Nbd4 Bd6 16. Nxf5 Qxf5 17. Bd3 Qf7 18. Be3 Bf4 19. Bc5 Re8 20. Ng5 Bxg5 21.
hxg5 e5 22. f3 Be6 23. Be3 Rad8 24. g6 hxg6 25. Bg5 Rd6 26. g4 Bc8 27. Qc2 e4
28. fxe4 Qe6 29. exd5 Qxd5 30. Bxg6 Qxg5 31. Bxe8 Qe3+ 32. Rf2 Qxe8 33. Raf1
Qe3 34. Kg2 Rd8 35. Rh1 Rd3 36. Kf1 Bxg4 37. Rhh2 Bh3+ 38. Kg1 Qe1+ 0-1

[Event "Quebec-ch"]
[Site "Montreal CAN"]
[Date "1993.06.11"]
[Round "9"]
[White "Barbeau, Sylvain"]
[Black "Duong, Thanh Nha"]
[Result "0-1"]
[WhiteElo "2368"]
[BlackElo "2238"]
[PlyCount "98"]
[EventDate "1993.05.31"]
[EventType "tourn"]
[EventRounds "9"]
[EventCountry "CAN"]
[Source "ChessBase"]
[SourceDate "1997.11.17"]

1. d4 Nf6 2. Nf3 b6 3. c4 e6 4. Bf4 Bb7 5. e3 Bb4+ 6. Nfd2 O-O 7. Bd3 d5 8. O-O
Nbd7 9. a3 Be7 10. Nc3 c5 11. cxd5 cxd4 12. exd4 Nxd5 13. Nxd5 Bxd5 14. Rc1 Nf6
15. Qe2 Bb7 16. Be5 Bd6 17. Nc4 Bxe5 18. dxe5 Qd5 19. f3 Qd4+ 20. Kh1 Nh5 21.
Rfd1 Qh4 22. Qe3 Bd5 23. Nd6 Rad8 24. Kg1 f6 25. g3 Nxg3 26. Qf2 fxe5 27. hxg3
Qh5 28. Ne4 Rxf3 29. Be2 Rxf2 30. Bxh5 Rxb2 31. Rd2 Rb3 32. Rc3 Rb1+ 33. Kf2
Rf8+ 34. Ke3 Re1+ 35. Re2 Ref1 36. Rf2 Re1+ 37. Be2 Bxe4 38. Rxf8+ Kxf8 39.
Rc8+ Ke7 40. Rc7+ Kf6 41. Rxa7 Bd5 42. Kf2 Rb1 43. g4 h6 44. a4 Rb2 45. Ke3
Rb3+ 46. Kd2 Ra3 47. Bb5 Bf3 48. Be8 e4 49. Ke1 Ke5 0-1

[Event "Quebec op"]
[Site "Montreal CAN"]
[Date "1992.08.01"]
[Round "1"]
[White "Duong, Thanh Nha"]
[Black "Clement, Michel"]
[Result "1-0"]
[WhiteElo "2271"]
[BlackElo "1933"]
[PlyCount "101"]
[EventDate "1992.08.01"]
[EventType "swiss"]
[EventRounds "8"]
[EventCountry "CAN"]

1. d4 f5 2. Nf3 Nf6 3. g3 e6 4. Bg2 Be7 5. O-O O-O 6. c4 d5 7. Qc2 c6 8. b3 Ne4
9. Ba3 Bxa3 10. Nxa3 Qe7 11. Qb2 a5 12. Nc2 Na6 13. Ne5 Bd7 14. e3 b5 15. f3
Nf6 16. c5 Be8 17. Ne1 Nb8 18. N1d3 Nfd7 19. e4 Nxe5 20. Nxe5 Qf6 21. Rae1 Nd7
22. Nxc6 Nxc5 23. Ne5 Nd7 24. exd5 exd5 25. f4 Qd6 26. Rc1 Nf6 27. Qc2 Ne4 28.
Qc7 Qb4 29. Rfd1 Bh5 30. Bf3 Bxf3 31. Nxf3 a4 32. Qc6 Qd6 33. Qxb5 Rfb8 34. Qd3
axb3 35. axb3 Ra3 36. Rb1 Qb4 37. Rdc1 Rba8 38. Rc2 Ra2 39. Rbc1 Ra1 40. Kg2
Rxc1 41. Rxc1 h6 42. Qc2 Rb8 43. Qc6 Qxb3 44. Qe6+ Kh8 45. Rc7 Qe3 46. Qg6 Rg8
47. Ne5 Qf2+ 48. Kh3 Qf1+ 49. Kh4 Nd6 50. Rd7 Qg1 51. h3 1-0

[Event "Quebec op"]
[Site "Montreal CAN"]
[Date "1992.08.02"]
[Round "2"]
[White "Caceres Cortes, Julio"]
[Black "Duong, Thanh Nha"]
[Result "1-0"]
[WhiteElo "1929"]
[BlackElo "2271"]
[PlyCount "83"]
[EventDate "1992.08.01"]
[EventType "swiss"]
[EventRounds "8"]
[EventCountry "CAN"]

1. e4 e5 2. f4 exf4 3. Nf3 d6 4. d4 g5 5. h4 g4 6. Ng1 Bh6 7. Nc3 c6 8. Nge2
Qf6 9. e5 dxe5 10. Ne4 Qg6 11. N2c3 Bf5 12. h5 Qe6 13. Bc4 Qe7 14. dxe5 Be6 15.
Nd6+ Kf8 16. Be2 Nd7 17. Qd4 Qg5 18. g3 Qxe5 19. Qxe5 Nxe5 20. gxf4 Nf3+ 21.
Bxf3 gxf3 22. Nxb7 Nf6 23. Kf2 Bg4 24. Be3 Rb8 25. Bc5+ Kg7 26. Rag1 Rxb7 27.
Bd4 Kf8 28. Bxf6 Rg8 29. Rd1 Rd7 30. Rxd7 Bxd7 31. Rd1 Be8 32. Rd8 Rg2+ 33.
Kxf3 Rxc2 34. Ne4 Rc1 35. Kf2 Bxf4 36. h6 Rc2+ 37. Kf3 Bc7 38. Rc8 Bh2 39. Ng5
Rc1 40. Nxh7+ Kg8 41. Ng5 Rf1+ 42. Kg2 1-0

[Event "Quebec op"]
[Site "Montreal CAN"]
[Date "1992.08.04"]
[Round "4"]
[White "Ouaknine, Joel"]
[Black "Duong, Thanh Nha"]
[Result "0-1"]
[WhiteElo "2009"]
[BlackElo "2271"]
[PlyCount "36"]
[EventDate "1992.08.01"]
[EventType "swiss"]
[EventRounds "8"]
[EventCountry "CAN"]

1. e4 c5 2. f4 g6 3. Nf3 Bg7 4. Nc3 e6 5. Bc4 Ne7 6. f5 Nbc6 7. fxe6 fxe6 8.
O-O d5 9. Bb5 O-O 10. d3 Nd4 11. a3 a6 12. Ba4 c4 13. dxc4 dxc4 14. Bg5 b5 15.
Nxd4 Qxd4+ 16. Kh1 Qxd1 17. Raxd1 Rxf1+ 18. Rxf1 Bxc3 0-1

[Event "Quebec op"]
[Site "Montreal CAN"]
[Date "1992.08.05"]
[Round "5"]
[White "Duong, Thanh Nha"]
[Black "Larochelle, Martial"]
[Result "1-0"]
[WhiteElo "2271"]
[BlackElo "2042"]
[PlyCount "45"]
[EventDate "1992.08.01"]
[EventType "swiss"]
[EventRounds "8"]
[EventCountry "CAN"]

1. Nf3 Nf6 2. c4 g6 3. Nc3 Bg7 4. g3 d6 5. Bg2 O-O 6. d4 Nbd7 7. O-O e5 8. e4
c6 9. h3 Qb6 10. d5 Nc5 11. Qe2 Bd7 12. Be3 cxd5 13. cxd5 Rfc8 14. Rfc1 a5 15.
Rc2 Qa6 16. Qxa6 bxa6 17. Nd2 Nd3 18. Bf1 Nxb2 19. Rxb2 Rxc3 20. Rb6 Bc8 21.
Rxd6 Ne8 22. Rd8 Kf8 23. d6 1-0

[Event "Quebec op"]
[Site "Montreal CAN"]
[Date "1992.08.06"]
[Round "6"]
[White "Leveille, Francois"]
[Black "Duong, Thanh Nha"]
[Result "1-0"]
[WhiteElo "2365"]
[BlackElo "2271"]
[PlyCount "43"]
[EventDate "1992.08.01"]
[EventType "swiss"]
[EventRounds "8"]
[EventCountry "CAN"]

1. d4 d5 2. c4 e6 3. Nf3 Nf6 4. Nc3 c6 5. Bg5 dxc4 6. e4 b5 7. e5 h6 8. Bh4 g5
9. Nxg5 hxg5 10. Bxg5 Nbd7 11. exf6 Qa5 12. h4 b4 13. Ne4 Qd5 14. f3 Ba6 15. b3
Nb6 16. Rc1 Rd8 17. bxc4 Nxc4 18. Qc2 b3 19. Qxb3 Qa5+ 20. Kf2 Nd6 21. Nc5 Bxf1
22. Rhxf1 1-0